Vplyv zavedenia eura na bankový sektor
Vplyv zavedenia eura na ziskovosť bankových sektorov eurozóny a odhad možných dopadov jeho zavedenia na bankový sektor SR pomocou štruktúrnych a cyklických zmien zistených v sledovaných krajinách. Na Slovensku pôsobia najmä banky so zahraničným kapitálom, a teda majú potrebné know-how od materských...
Salvato in:
| Autore principale: | |
|---|---|
| Altri autori: | |
| Natura: | Capitolo di libro |
| Lingua: | slovacco |
| Soggetti: | |
| Tags: |
Nessun Tag, puoi essere il primo ad aggiungerne!!
|
MARC
| LEADER | 00000naa$a2200000$$$4500 | ||
|---|---|---|---|
| 001 | 0078507 | ||
| 005 | 20231116084931.4 | ||
| 041 | 0 | |a slo | |
| 044 | |a SK | ||
| 245 | 1 | 0 | |a Vplyv zavedenia eura na bankový sektor |c Michal Benčík, Sandra Tatierska |
| 520 | |a Vplyv zavedenia eura na ziskovosť bankových sektorov eurozóny a odhad možných dopadov jeho zavedenia na bankový sektor SR pomocou štruktúrnych a cyklických zmien zistených v sledovaných krajinách. Na Slovensku pôsobia najmä banky so zahraničným kapitálom, a teda majú potrebné know-how od materských spoločností, ako preklenúť prípadné negatívne vplyvy zavedenia eura (strata z devízových operácií) na ziskovosť a vyťažiť práve z tých pozitívnych vplyvov. | ||
| 610 | 2 | 0 | |a bankovníctvo |
| 610 | 2 | 0 | |a kapitál bankový |
| 610 | 2 | 0 | |a operácie bankové |
| 610 | 2 | 0 | |a euro |
| 610 | 2 | 0 | |a kurz výmenný |
| 610 | 2 | 0 | |a eurozóna |
| 610 | 2 | 0 | |a Slovensko |
| 100 | 1 | |a Benčík, Michal | |
| 700 | 1 | |a Tatierska, Sandra | |